000 00807nam a22002297a 4500
001 9039
003 FISKH
005 20251117100853.0
008 251117b cb ||||| |||| 00| 0 eng d
020 _a9780153397400
040 _aFISKH
_beng
_cFISKH
_dFISKH
050 _aPZ7
100 _aBeck, Isabel L.
245 _aHarcourt trophies :
_bA Harcourt reading/language arts program . /
_cSenior Authors Isabel L.Beck , Roger C. Farr and Dorothy S. Strickland
250 _aTeacher's Edition
260 _aOrlando :
_bHarcourt , Inc ,
_c2007 .
300 _a550 pages :
_bcolor illustrations ;
_c30 cm .
520 _aCurriculum set for first grade issued in five named parts, for classroom use in teaching reading.
700 _aMonti, David A
_eConsultant
942 _2ddc
_cBK
_n0
999 _c9039
_d9039